Esquema de Ordenamiento Territorial del Municipio de la Paz Centro, departamento de León 2011 - 2026

Presenta un esquema de reordenamiento territorial del municipio de la Paz Centro, departamento de León 2011 - 2016, con el fin de establecer las directrices del proceso de desarrollo para la adecuada localización de los proyectos de inversión municipal, institucional y privados.

Bibliographic Details
Main Authors: Meza Galván, Sunilda de los Ángeles, Zepeda Lorío, Horacio José
Other Authors: Tutor: González Jirón, Jorge Samuel
Format: Tesis Section = Libro
Language:Undetermined
Spanish
Published: Managua UNI 2011
Subjects:
LEADER 01088nam a2200241Ia 4500
008 240830s9999 xx 000 0 und d
040 |a BIBLIOTECA-RUSB/ Mon 711.4 M617 
041 |a spa 
082 |a Mon 711.4 M617 
100 1 |a Meza Galván, Sunilda de los Ángeles 
100 1 |b  Zepeda Lorío, Horacio José 
245 1 0 |a Esquema de Ordenamiento Territorial del Municipio de la Paz Centro, departamento de León 2011 - 2026 
260 |a Managua  |b UNI  |c 2011 
300 |a 300 p. :il. 
502 |a Tesis (Arquitecto) - UNI, 2011. 
520 3 |a Presenta un esquema de reordenamiento territorial del municipio de la Paz Centro, departamento de León 2011 - 2016, con el fin de establecer las directrices del proceso de desarrollo para la adecuada localización de los proyectos de inversión municipal, institucional y privados. 
650 7 |a PLANIFICACIÓN DEL ESPACIO - ORDENAMIENTO TERRITORIAL 
650 7 |b  URBANISMO 
650 7 |c  DESARROLLO URBANO - LA PAZ CENTRO 
700 1 |a Tutor:  |b González Jirón, Jorge Samuel 
942 |c BK  |2 ddc 
991 |a TESIS 
999 |c 20935